000
00196 a2200097 4500
020
_a
9780684818184
041
_a
eng
100
_a
Tausend, Marilyn
245
_a
Cocinando con la familia
942
_c
BK
999
_c
1436
_d
1436